000 00487nam a2200181Ia 4500
001 13785
005 20260306164826.0
008 260306t2017||||xx |||||||||||||| ||spa||
041 _aESP
082 _a005.133P
_bI37
100 _aIgual, Laura
_eAUT
245 0 _aIntroduction to data science:
_ba Python approach to concepts, techniques and applications
260 _c2017
300 _axiv, 218 páginas :
_c24 cm.
650 _aGEN
654 _aCCC
942 _cLIB
_dJUS
_fJUS
_2ddc
_n
999 _c13785
_d13785